000 00301nam a22001097a 4500
008 230621b xxu||||| |||| 00| 0 eng d
082 _a328.35
_bIPU
245 _aInter-Parliamentary Bulletin
260 _aGeneva
_bOfficial Organ of the Inter-Parliamentary Union
_c1982
300 _a85p
942 _2ddc
_cBK
999 _c2197
_d2197